000
00249 a2200121 4500
001
63831
020
_a
9789693511635
090
_c
37750
_d
37750
100
_a
Younas Butt
245
_a
Family Front
260
_a
Lahore
_b
Sang-e-Meel
_c
2006
300
_a
248pp
942
_a
NUST-CAE
999
_c
298904
_d
298904